| 000 | 00904cam a2200145ua 4500 | ||
|---|---|---|---|
| 041 |
_aeng _h |
||
| 082 |
_a621.646 _bIND/SP |
||
| 110 | 1 |
_aIndian Standards Institution . _bISI _c() |
|
| 245 | 0 | 0 | _aSpecification for pressure reducing values for domestic water supply system, IS:9739-1981 |
| 260 |
_aNew Delhi : _bIndian Standards Institution , _c1981. |
||
| 300 | _a12 ; . | ||
| 504 | _a | ||
| 942 | _cBK | ||
| 999 |
_c9955 _d9955 |
||